000 00738nam a22002537a 4500
001 45680
003 UA-OsUOA
005 20200123184613.0
007 ta
008 20111025b un ||||| |||| 00| 0 ukr d
040 _aUA-OsUOA
_bukr
_cUA-OsUOA
_dUA-OsUOA
041 _aukr
080 _a94(477).04
090 _a94(477).04
_bГ61
100 _aГолобуцький В. А.
245 _aЗапорожское казачество
260 _aК.
_c1957
300 _a461 с.
650 7 _a9 Географія. Біографії. Історія
_2UDC
942 _cBK
_2udc
955 _a4
999 _c425783
_d425783